000 01332nab a22002537a 4500
999 _c5589
_d5589
003 OSt
005 20251219121527.0
008 190429b xxu||||| |||| 00| 0 spa d
040 _cPJ
100 _96567
_aGeraghty Fleming, Gaspar
245 1 0 _aReflexiones sobre el desarrollo de centro de estudiantes y de la permanencia de internos en espacios de estudio en el ámbito carcelario. A propósito de la res. 372/2025 del Ministerio de Seguridad de la Nación /
_cGaspar Geraghty Fleming.
260 _cCiudad Autónoma de Buenos Aires :
_aThomson Reuters La Ley,
_b2025.
300 _ap. 48-59
500 _aCita: AR/DOC/1344/2025.
505 _aSumario: I. Introducción.— II. Análisis de la res. 372/2025.— III. Argumentos en contra de la resolución.— IV. Decisión judicial dictada tras la controversia. — V. Reflexiones finales.
505 _tSi te interesa el texto completo, solicitalo a koha@justierradelfuego.gov.ar
650 0 _9343
_aDERECHO PENAL
650 0 _92082
_aHÁBEAS CORPUS
650 0 _9615
_aDERECHOS Y GARANTIAS CONSTITUCIONALES
650 0 _93181
_aPRISIÓN
650 0 _93020
_aREADAPTACIÓN DEL CONDENADO
773 0 _02658
_93164
_tRevista de derecho penal y criminología. Nº 6 - Julio 2025
_dCiudad Autónoma de Buenos Aires : Thomson Reuters La Ley, 2017-
_x00347914
942 _2udc
_cANA